Profitvezérelt infláció és a pandémia utáni gazdasági dinamika elméletek,empirikus bizonyítékok és gazdaságpolitikai válaszok egy irodalmi feldolgozás tükrében

Bibliográfiai részletek
Szerzők: Hegedűs Szilárd
Lencsés Enikő
Nagy Gyula
Dokumentumtípus: Könyv része
Megjelent: Budapesti Gazdaságtudományi Egyetem Budapest 2025
Sorozat:Szemelvények a BGE kutatásaiból 2024
Tárgyszavak:
doi:10.29180/978-615-6886-21-7_10

Kulcsszavak:profitvezérelt infláció
pandémia utáni infláció
költség-nyomásos infláció
„greedflation”
gazdaságpolitika
monetáris szigorítás
Online Access:http://publikaciotar.uni-bge.hu/2573

MARC

LEADER 00000naa a2200000 i 4500
001 publ2573
005 20251125130606.0
008 251125s2025 hu o 000 zxx d
020 |a 978-615-6886-21-7 
024 |a 10.29180/978-615-6886-21-7_10  |2 doi 
040 |a BGE Publikációtár Repozitórium  |b hun 
100 1 |a Hegedűs Szilárd 
245 1 0 |a Profitvezérelt infláció és a pandémia utáni gazdasági dinamika  |b elméletek,empirikus bizonyítékok és gazdaságpolitikai válaszok egy irodalmi feldolgozás tükrében  |c Hegedűs Szilárd  |h [elektronikus dokumentum] 
260 |a Budapesti Gazdaságtudományi Egyetem  |b Budapest  |c 2025 
300 |a 100-108 
490 0 |a Szemelvények a BGE kutatásaiból 2024 
520 3 |a A „greedflation”, vagy „seller’s inflation”, más szóval profitvezérelt infláció4 jelensége, amely során a vállalatok a költségeik növekedését meghaladó mértékben emelik az áraikat, és ezáltal hozzájárulnak az infláció növekedéséhez, a COVID-19 világjárványt követő gazdasági helyreállítás során különös figyelmet kapott. Ez a tanulmány a „greedflation” különböző értelmezéseit és empirikus bizonyítékait tárgyalja, hangsúlyozva a gazdasági és politikai következményeket. Az elemzés célja, hogy átfogó képet nyújtson a jelenség okairól és hatásairól, valamint feltérképezze az infláció kezelésére adott gazdaságpolitikai válaszokat. Vizsgálódásunk a pandémia utáni inflációs jelenségekre, kiemelten a profitvezérelt inflációra fókuszál. A tanulmány szisztematikus irodalomkutatás módszerét alkalmazta, amely magában foglalta a tudományos adatbázisokból (Scopus, Web of Science, EconLit stb.) és a szakmai sajtóból származó releváns források elemzését, különös figyelmet fordítva az információk megbízhatóságára és objektivitására. Az inklúzió során tudományos cikkek, hivatalos jelentések, valamint naprakész nem tudományos források egyaránt szerepeltek a „greedflation” és a pandémia utáni inflációs jelenségek átfogó vizsgálatához. A kutatás feltárja, hogy a vállalati profitszempontok jelentős szerepet játszottak a közelmúlt inflációs hullámaiban, különösen a COVID-19 járvány és az azt követő gazdasági fellendülés idején. Emellett a tanulmány elemzi a költség-nyomásos infláció és az ellátási lánc problémái által okozott áremelkedéseket is. Az eredmények alapján a szerzők véleményt fogalmaznak meg a profitvezérelt infláció tartósságáról és kezeléséről, különösen a monetáris szigorítások és alternatív gazdaságpolitikai eszközök tekintetében. A tanulmány hozzájárul a vállalati profitok és az infláció közötti kapcsolat mélyebb megértéséhez, és rávilágít a regionális és szektorális különbségek jelentőségére az inflációs trendek kezelésében 
650 4 |a közgazdaságtudományok 
695 |a profitvezérelt infláció 
695 |a pandémia utáni infláció 
695 |a költség-nyomásos infláció 
695 |a „greedflation” 
695 |a gazdaságpolitika 
695 |a monetáris szigorítás 
700 1 |a Lencsés Enikő  |e aut 
700 1 |a Nagy Gyula  |e aut 
856 4 0 |u https://publikaciotar.uni-bge.hu/id/eprint/2573/1/BGE%20Szemelv%C3%A9nyek%202024%20III.%20k%C3%B6tet_10.pdf  |z Dokumentum-elérés